000 00428 a2200157 4500
003 OSt
005 20231109145640.0
008 231109b |||||||| |||| 00| 0 eng d
020 _a9789392455094
040 _coclc
082 _a894.8129
_bJAY/C
245 _aC H Muhammed Koya Smaranakal /
260 _aKerala:
_bGrace,
_c2022.
300 _a161p
942 _2ddc
_cBK
_h894.8129
_iJAY/C
_k894.8129
_mJAY/C
999 _c43006
_d43006